00358nam a22001097a 4500008004100000082001700041100002000058245009700078260004600175300000900221700001800230230703b xxu||||| |||| 00| 0 eng d a338.967bNGE cNjuguna Ng'ethe atowards indigenizing the policy Debatebfrom Sessional Paper No. 10 to Structural Adjustment bInstitute of policy analysis and research a326p cWasunna Owino